000 00355nam a2200157Ia 4500
005 20250425160807.0
008 250425s9999 xx 000 0 und d
041 _aspa
082 _a621.9
245 0 _aALREDEDOR DE LAS MAQUINAS-HERRAMIENTAS
250 _aS.E.
260 _aS.L.
260 _aSin Pais
_bREVE
_c1975
942 _c01
010 _a5363
999 _c196262
_d196262